[Event "Bad Woerishofen op"]
[Site "Bad Woerishofen"]
[Date "2001.??.??"]
[Round "8"]
[White "Tsikerdanos, Kostas"]
[Black "Schwabe, Manfred"]
[Result "1-0"]
[WhiteElo "2000"]
[BlackElo "1675"]
[Annotator "ChessOrg"]
[PlyCount "75"]
[EventDate "1998.03.05"]
[Source "ChessBase"]
[SourceDate "1998.04.29"]

1. Nf3 {A07: Barcza-System (Koenigsfianchetto mit moeglichen Uebergaengen in
andere Systeme)} 1... Nf6 2. g3 g6 3. Bg2 Bg7 4. O-O d5 5. d3 O-O 6. Nbd2 Nbd7
7. Re1 {letzter Buchzug} 7... e5 8. e4 d4 9. h4 h5 10. Nf1 Nh7 11. Bh3 c5 12.
Ng5 Nxg5 13. Bxg5 f6 14. Bd2 Qe7 15. Nh2 Rf7 16. Kh1 Nf8 17. Bxc8 Rxc8 18. f4
f5 19. exf5 Rxf5 20. Nf3 Nd7 21. Qe2 Re8 22. Rf1 Qd6 23. Qe4 b6 24. Rae1 Nf6
25. fxe5 Nxe4 (25... Qc7 26. Qe2 Ng4 27. c3 Bxe5 28. cxd4 (28. Nxe5 $143 28...
Qxe5 29. Qxe5 29... Rexe5 $17 (29... Nxe5 $4 30. Rxf5 dxc3 31. Bxc3 (31. Rexe5
Rxe5 32. Rf2 cxd2 33. Rxd2 33... Kf7 $15) 31... gxf5 32. Rxe5 Rxe5 33. Bxe5 $18
)) 28... cxd4 29. Bf4 $11) 26. exd6 $14 26... Nxd6 27. Rxe8+ Nxe8 28. Kg2 Bf6
29. Bf4 Bd8 30. Re1 Ng7 31. Bb8 Rf7 32. Bf4 Bf6 33. Nd2 (33. a4 $5 $11 $142)
33... Bxh4 $1 $17 34. Bb8 (34. gxh4 34... Rxf4 $17) 34... Bd8 35. Ne4 Rb7 36.
Be5 Nf5 37. Bd6 (37. Bf4 $5 $17) 37... Ne3+ $19 38. Rxe3 (38. Rxe3 dxe3 39. Kf3
$19) 1-0

[Event "Bad Woerishofen op"]
[Site "?"]
[Date "2001.??.??"]
[Round "1"]
[White "Urban, Rudolf"]
[Black "Feicht, Roland"]
[Result "1-0"]
[WhiteElo "2100"]
[BlackElo "1490"]
[Annotator "ChessOrg"]
[PlyCount "71"]
[EventDate "2000.??.??"]

1. e4 {B01: Skandinavische Verteidigung} 1... d5 2. Nc3 d4 3. Nce2 3... c5 {
letzter Buchzug} 4. d3 Nc6 5. f4 e5 6. Nf3 Bg4 (6... Bd6 7. g3 $11) 7. Ng3 (7.
Nxe5 $5 7... Nxe5 8. fxe5 Qh4+ 9. g3 $14) 7... Bd6 $15 8. f5 Nf6 (8... Qa5+ 9.
Qd2 $15) 9. Be2 Nh5 10. Nxh5 Bxh5 11. O-O Qd7 (11... Bxf3 12. Bxf3 (12. gxf3
$143 12... g6 $17) 12... O-O 13. Bh5 $11) 12. a4 (12. Nxd4 exd4 13. Bxh5 13...
Qc7 $14) 12... a5 (12... Bc7 13. Nd2 Bxe2 14. Qxe2 $11) 13. Nd2 (13. Nxd4 $5
13... exd4 14. Bxh5 $16) 13... Bxe2 $11 14. Qxe2 h5 15. Nc4 Bc7 16. Bd2 Nb4 17.
Bxb4 (17. Bg5 17... Nc6 $14) 17... cxb4 18. b3 O-O-O 19. Rf3 b6 20. Rh3 g6 21.
fxg6 fxg6 22. Rf1 Rdg8 (22... Rhf8 23. Rhf3 Qe7 24. Qf2 Rxf3 25. Qxf3 $14) 23.
Rhf3 Qd8 24. Rf6 Kb8 25. Qf3 g5 (25... Rh7 26. Qh3 $14) 26. Qf5 $16 26... Re8
27. Qg6 27... Qc8 $2 (27... Reg8 $5 $142 28. Qf7 28... h4 $16) 28. R1f5 (28.
Nd6 Bxd6 29. Rxd6 Rhf8 30. Rxb6+ Ka7 31. Rxf8 31... Rxf8 $18) 28... Bd8 (28...
Rhg8 29. Rxb6+ $1 29... Bxb6 30. Qxb6+ Qb7 31. Qxa5 $18) 29. Rf7 (29. Rc6 $5
$142 29... Qb7 30. Rf7 Re7 31. Qd6+ Ka7 32. Rxb6 Rxf7 33. Rxb7+ Rxb7 34. Qxe5
34... Rhh7 $18) 29... Re6 30. Qg7 Rhe8 31. Qh7 (31. Rxe5 Rxe5 32. Nxe5 32...
Qe6 $18) 31... Be7 (31... h4 $5 $16) 32. Qxh5 Rh8 33. Rh7 Bf6 (33... Rxh7 $5
34. Qxh7 34... Bf6 $16) 34. Rxh8 34... Qxh8 $4 (34... Bxh8 35. Qxg5 35... Ka7
$18) 35. Qxh8+ Bxh8 36. Rf8+ (36. Rf8+ Kc7 37. Rxh8 $18) 1-0

[Event "Bad Woerishofen op"]
[Site "Bad Woerishofen"]
[Date "2001.??.??"]
[Round "3"]
[White "Urban, Rudolf"]
[Black "Klein, Reinhard"]
[Result "1-0"]
[WhiteElo "2100"]
[BlackElo "1602"]
[Annotator "ChessOrg"]
[PlyCount "103"]
[EventDate "1998.03.05"]
[Source "ChessBase"]
[SourceDate "1998.04.29"]

1. d4 {D02: Damenbauernspiele} 1... Nf6 2. Nf3 e6 3. Bf4 c5 4. e3 d5 5. c3 Nc6
6. Bd3 6... Bd6 {letzter Buchzug} 7. Bg3 O-O 8. O-O (8. Nbd2 8... Be7 $14) 8...
cxd4 (8... Bxg3 9. fxg3 Qd6 10. Ng5 $11) 9. exd4 (9. Nxd4 $143 9... Bxg3 10.
fxg3 10... e5 $15) 9... Re8 10. Nbd2 (10. Bxd6 Qxd6 11. Na3 11... a6 $14) 10...
e5 (10... Bxg3 $5 11. fxg3 e5 12. dxe5 Qb6+ 13. Kh1 13... Ng4 $11) 11. dxe5 $14
11... Nxe5 12. Bxe5 Bxe5 13. Nxe5 Rxe5 14. Nf3 (14. Qb3 14... Re8 $11) 14...
Rh5 (14... Bg4 $5 $15) 15. h3 Qd6 (15... Qb6 16. Qb3 $14) 16. Re1 $16 16... Be6
17. Bf1 g5 (17... Qb6 $5 $14) 18. g4 Nxg4 19. Rxe6 $1 19... Qxe6 (19... fxe6
20. hxg4) 20. Nd4 Qe4 21. Qxg4 Qxg4+ 22. hxg4 Rh6 23. Re1 Rb6 24. Re2 Kf8 25.
Bg2 Re8 26. Rxe8+ Kxe8 27. b3 Rd6 28. Kf1 a6 29. Ke2 Rd7 30. Nf5 f6 31. Kd3 Kf7
32. Kd4 Kg6 33. Ne3 h5 34. gxh5+ Kxh5 35. Bh3 Rd8 36. Bf5 b6 37. a4 a5 38. Bg4+
Kh4 39. Be6 Kh5 40. Bxd5 g4 41. b4 axb4 42. cxb4 Kg5 43. a5 bxa5 44. bxa5 f5 (
44... Kf4 45. a6 Rd7 46. Nd1 $18) 45. a6 f4 46. Nxg4 $1 46... Kxg4 47. f3+ Kg3
48. a7 Rxd5+ (48... Rh8 $18) 49. Kxd5 Kxf3 50. a8=Q Kg2 (50... Ke2 51. Ke4 Kd2
52. Kd4 f3 53. Qa2+ Kd1 54. Ke3 Kc1 55. Kd3 f2 56. Qc2#) 51. Ke5+ (51. Ke4 Kg3
52. Qa3+ Kf2 53. Qf3+ Ke1 54. Kd4 Kd2 55. Qg2+ Ke1 56. Kd3 f3 57. Qg1#) 51...
f3 (51... Kg3 52. Qh1 Kf2 53. Ke4 f3 54. Qh2+ Ke1 55. Ke3 f2 56. Qxf2+ Kd1 57.
Qd2#) 52. Kf4 (52. Kf4 Kh2 53. Kxf3 Kg1 54. Qh8 Kf1 55. Qh1#) 1-0

[Event "Bad Woerishofen op"]
[Site "Bad Woerishofen"]
[Date "2001.??.??"]
[Round "5"]
[White "Urban, Rudolf"]
[Black "Fries, Werner"]
[Result "1-0"]
[WhiteElo "2100"]
[BlackElo "1652"]
[Annotator "ChessOrg"]
[PlyCount "67"]
[EventDate "1998.03.05"]
[Source "ChessBase"]
[SourceDate "1998.04.29"]

1. Nf3 {D43: Damengambit (Botwinnik-Variante)} 1... Nf6 2. c4 e6 3. d4 d5 4.
Nc3 c6 5. Bg5 Be7 6. e3 Nbd7 7. Bd3 dxc4 8. Bxc4 8... Nb6 {letzter Buchzug} 9.
Bd3 Nfd5 10. Bxe7 Qxe7 11. O-O f6 12. Rc1 Nc7 13. Qc2 Bd7 (13... g5 14. Ne4 $14
) 14. Ne4 (14. Bxh7 14... O-O-O $16) 14... O-O-O (14... Ncd5 15. a3 $14) 15.
Qc5 $16 15... Qf8 16. Qa5 Kb8 17. Rc3 Be8 18. Ra3 Nc8 19. Rc1 Rd5 (19... Bg6
20. Nc5 $14) 20. Qc3 (20. Nc5 b6 21. Na6+ Nxa6 22. Qxa6 22... Qd6 $16) 20...
Bd7 (20... Bh5 $5 $14 $142) 21. Nc5 $18 21... Qf7 22. Rb3 b6 (22... Nb6 23. Qa5
$16) 23. Nxd7+ (23. Be4 Rd6 24. Nxd7+ Rxd7 25. Bxc6 25... Rd6 $18) 23... Qxd7 (
23... Rxd7 24. Qxc6 Nd5 25. Qa4 $18) 24. Be4 Nb5 (24... Ne7 25. Bxd5 25...
Ncxd5 $18) 25. Qxc6 Qxc6 26. Rxc6 Nxd4 (26... Rd6 27. Rxb5 f5 28. Rxd6 28...
Nxd6 $18) 27. Nxd4 (27. Bxd5 $143 27... Nxc6 28. Bxc6 28... Ne7 $18) 27... Ra5
28. a3 e5 29. Ne6 Ne7 (29... f5 30. Bd3 $18 (30. Bxf5 $6 30... Ne7 31. Be4 Nxc6
32. Bxc6 32... Rc8 $18)) 30. Rc7 Nd5 31. Rd7 Rc8 32. g3 Rc1+ 33. Kg2 Rc2 (33...
Rd1 34. Rd3 Rxd3 35. Bxd3 f5 36. Bxf5 Nf6 37. Rxg7 37... e4 $18) 34. Bxc2 (34.
Bxc2 f5 35. Rd3 $18) 1-0

[Event "Bad Woerishofen op"]
[Site "Bad Woerishofen"]
[Date "2001.??.??"]
[Round "7"]
[White "Urban, Rudolf"]
[Black "Mijatovic, Vladimir"]
[Result "1-0"]
[WhiteElo "2100"]
[BlackElo "1734"]
[Annotator "ChessOrg"]
[PlyCount "83"]
[EventDate "1998.03.05"]
[Source "ChessBase"]
[SourceDate "1998.04.29"]

1. Nf3 {A85: Hollaendische Verteidigung} 1... f5 2. c4 Nf6 3. Nc3 g6 4. d4 Bg7
5. e3 O-O 6. Be2 d6 7. O-O Qe8 8. Qc2 {letzter Buchzug} 8... Na6 9. a3 e5 10.
dxe5 (10. b4 e4 11. Ng5 11... c6 $11) 10... dxe5 11. b4 e4 12. Nd2 c5 13. Rb1
b6 14. Nd5 Qd7 15. Rd1 Nxd5 16. cxd5 cxb4 17. axb4 Bb7 18. d6 b5 19. Qa2+ Kh8
20. Qa5 (20. Nf1 $5 $16) 20... Qxd6 $11 21. Nb3 Qb6 22. Qxb6 axb6 23. Nd4 Nc7
24. Nxb5 Ba6 25. Nxc7 Bxe2 26. Nxa8 Bxd1 27. Bd2 (27. Nxb6 $2 27... Bc2 28. Rb2
28... Rd8 $19 (28... Bxb2 $6 29. Bxb2+ Kg8 30. f3 $17)) 27... Rxa8 28. Rxd1 Rd8
29. Kf1 Kg8 30. Ke2 b5 31. Rc1 Rb8 32. Bc3 (32. h3 $5 $11) 32... Rc8 $15 33.
Kd2 Kf7 (33... Bf8 34. Kd1 $17) 34. Rc2 Bf6 35. f4 exf3 36. gxf3 Be7 37. Ra2
Rc4 38. Kd3 (38. Ra7 38... Ke6 $11) 38... Bxb4 $15 39. Ra7+ Be7 40. Rb7 40...
Rc5 $4 (40... Rh4 $11 $142) 41. Rxe7+ $1 $18 41... Kxe7 42. Bb4 (42. Bb4 Ke6
43. Bxc5 $18) 1-0

[Event "Bad Woerishofen op"]
[Site "Bad Woerishofen"]
[Date "2001.??.??"]
[Round "9"]
[White "Urban, Rudolf"]
[Black "Bintakies, Michael"]
[Result "0-1"]
[WhiteElo "2100"]
[BlackElo "2204"]
[Annotator "ChessOrg"]
[PlyCount "70"]
[EventDate "1998.03.05"]
[Source "ChessBase"]
[SourceDate "1998.04.29"]

1. d4 {D02: Damenbauernspiele} 1... d5 2. Nf3 Nf6 3. Bf4 c5 4. e3 Nc6 5. c3 Qb6
6. Qb3 c4 7. Qxb6 axb6 8. Nbd2 {letzter Buchzug} 8... b5 9. Be2 Bf5 10. O-O b4
11. Rfc1 e6 12. a3 bxa3 13. bxa3 Rxa3 14. Rxa3 Bxa3 15. Ra1 Be7 16. Ra8+ Bd8
17. Bd6 Nd7 18. Ne1 Nb6 19. Ra1 Nc8 20. Ba3 Ba5 21. Bb2 Nd6 22. f3 b5 23. h4 h6
24. Kf2 Kd7 25. e4 dxe4 26. g4 Bh7 27. Ke3 f5 28. fxe4 fxe4 29. Bf1 h5 (29...
e5 30. dxe5 Bb6+ 31. Ke2 Nxe5 32. Ra6 $19) 30. Bg2 (30. gxh5 $142 30... Nf5+
31. Kxe4 Nfxd4+ 32. Ke3 Nf5+ 33. Ke2 Nxh4 34. Rd1 $19) 30... hxg4 31. Nxe4 Nxe4
32. Bxe4 Bxe4 33. Kxe4 Rxh4 34. Ng2 (34. Rc1 Rh2 35. Rc2 35... g3 $19) 34...
Rh2 35. Rg1 Ne7 (35... Ne7 36. Kf4 Nd5+ 37. Kg3 37... Rh7 $19) 0-1

[Event "Bad Woerishofen op"]
[Site "Bad Woerishofen"]
[Date "2001.??.??"]
[Round "2"]
[White "Valent, Peter"]
[Black "Specht, Helmut"]
[Result "1-0"]
[WhiteElo "2074"]
[BlackElo "1831"]
[Annotator "ChessOrg"]
[PlyCount "122"]
[EventDate "1998.03.05"]
[Source "ChessBase"]
[SourceDate "1998.04.29"]

1. e4 {B01: Skandinavische Verteidigung} 1... d5 2. exd5 Qxd5 3. Nc3 Qa5 4. d4
c6 5. Bc4 Bf5 6. Nf3 Nf6 7. O-O e6 8. Bd2 8... Nbd7 {letzter Buchzug} 9. d5
cxd5 10. Nxd5 Qd8 (10... Qxd5 11. Bxd5) 11. Nxf6+ gxf6 (11... Qxf6 $143 12. Bb5
e5 13. Re1 $18) (11... Nxf6 $2 12. Bb5+ Nd7 13. Ba5 Bxc2 14. Qd2 $18) 12. Bc3
Qc7 13. Bb5 O-O-O 14. Qe2 Be7 (14... Rg8 15. Bxd7+ Rxd7 16. Bxf6 $14) 15. Rad1
Rhg8 16. g3 Bg4 17. Bxd7+ Rxd7 18. Rxd7 Qxd7 19. Qc4+ Kb8 (19... Qc7 20. Qxc7+
Kxc7 21. Kg2 $11) 20. Nd2 (20. Bxf6 $5 20... Bxf6 21. Qf4+ Qc7 22. Qxf6 Bxf3
23. Qxf3 $16) 20... Bh3 21. Re1 Rc8 22. Qe2 Qd5 23. Qf3 Qg5 (23... Qxa2 24. g4
Rxc3 25. Qxc3 $18) 24. Ne4 Qg6 (24... Qf5 $5 $142 25. Qe3 25... e5 $11) 25.
Bxf6 Bxf6 26. Qxf6 (26. Qf4+ e5 27. Qxf6 Qxf6 28. Nxf6 Rxc2 29. Nxh7 29... Bf5
$16) 26... Qxf6 $14 (26... Rxc2 27. Qe5+ Kc8 28. Nd6+ Kd7 29. Nxb7 $16) 27.
Nxf6 Rxc2 28. Nxh7 Rxb2 29. Ng5 Bf5 30. h4 b5 (30... Rxa2 31. Nxf7 Kc7 32. Kg2
$11) 31. h5 (31. a3 31... Rb3 $14) 31... f6 (31... Rxa2 $5 32. Nxf7 32... Kc7
$11) 32. Ne4 $14 32... Rxa2 33. Nxf6 Rb2 (33... Kc7 34. g4 Bc2 35. Rxe6 $16)
34. h6 Rb1 (34... a5 35. h7 Bxh7 36. Nxh7 $16) 35. Rxb1 $18 35... Bxb1 36. f3 (
36. Kf1 36... Kc7 $16) 36... Bg6 37. Kf2 (37. Nd7+ Kc7 38. Nf8 b4 39. Nxg6
39... b3 $14) 37... a5 $2 (37... b4 $5 $142 38. Nd7+ 38... Kc7 $11) 38. Ke3 $16
38... a4 39. Ne4 (39. Kd4 $5 $16 $142) 39... a3 $11 40. Nd2 (40. Nc5 a2 41. Nb3
41... Kc7 $11) 40... a2 (40... e5 $5 $17 $142) 41. Nb3 $11 41... b4 (41... Bc2
$5 $142 42. Na1 42... Bb1 $14) 42. Kd2 $16 42... Kc7 43. Kc1 Kd6 44. Kb2 Kd5
45. Kxa2 Kc4 46. Kb2 Bh7 (46... e5 $18) 47. Nd2+ Kd3 48. Ne4 $1 48... Ke3 (
48... Bxe4 49. fxe4) 49. Ng5 Bg6 50. Kb3 (50. Nxe6 $6 50... Kxf3 51. Nf4 51...
Bf5 $16) 50... e5 51. Kxb4 Kf2 52. g4 Kg3 53. Kc5 Kf4 (53... e4 54. fxe4 Kf4
55. h7 Bxh7 56. Nxh7 Kxe4 57. g5 $18) 54. Nf7 (54. Ne6+ $142 54... Kxf3 55. Nf8
$18) 54... Bb1 55. Kd6 Kxf3 56. g5 (56. Nxe5+ $6 56... Kf4 $18) 56... Kf4 57.
Ke6 (57. Nxe5 $6 57... Kxg5 58. Nf7+ 58... Kf6 $11) 57... Kg4 (57... Bf5+ 58.
Kf6 58... e4 $18) 58. Kf6 Kh5 59. Nxe5 (59. Kg7 $142 59... Kg4 60. g6 60... e4
$18) 59... Bc2 60. Nc6 Bh7 61. Ne7 Bg6 1-0

[Event "Bad Woerishofen op"]
[Site "Bad Woerishofen"]
[Date "2001.??.??"]
[Round "4"]
[White "Valent, Peter"]
[Black "Beckers, Manfred"]
[Result "1/2-1/2"]
[WhiteElo "2074"]
[BlackElo "1855"]
[Annotator "ChessOrg"]
[PlyCount "104"]
[EventDate "1998.03.05"]
[Source "ChessBase"]
[SourceDate "1998.04.29"]

1. e4 {B28: Sizilianisch (Fruehes a7-a6)} 1... c5 2. Nf3 a6 3. Be2 g6 4. d4 Bg7
5. d5 d6 6. O-O {letzter Buchzug} 6... Nf6 7. Qd3 b5 8. c4 bxc4 9. Qxc4 Nbd7
10. Qc2 O-O 11. Nc3 Rb8 12. Rb1 Qc7 13. h3 Nb6 14. Bf4 Nfd7 15. Rfd1 f5 16.
exf5 Rxf5 17. Be3 Ne5 (17... Bxc3 18. bxc3 Nxd5 19. Rxb8 Nxb8 20. Bg5 $15) 18.
Nd2 Rf7 19. g4 (19. b3 e6 20. dxe6 20... Re7 $14) 19... e6 20. f4 exd5 21. fxe5
dxe5 22. Nxd5 (22. Bf2 $5 $11 $142) 22... Nxd5 $17 23. Qxc5 (23. Bg5 Nb4 24.
Qc4 24... Bd7 $17) 23... Bh6 (23... Nxe3 $5 $142 24. Qxe3 24... Bh6 $19) 24.
Bf2 $15 24... Qxc5 25. Bxc5 Ne3 (25... Nf4 $5 26. Bf1 26... Be6 $15) 26. Bc4
$14 26... Nxd1 27. Rxd1 Rxb2 28. Ne4 28... Rc2 $2 (28... Bb7 29. g5 29... Bf8
$16) 29. Bxf7+ $4 (29. Rd8+ $142 29... Kg7 30. Bxf7 Kxf7 31. Rxc8 $18) 29...
Kxf7 $17 30. g5 (30. Kf1 30... Be6 $17) 30... Bf8 (30... Bf5 31. Nd6+ Ke6 32.
Nxf5 Kxf5 33. gxh6 Rxc5 34. Rd7 Rc1+ 35. Kf2 Rc2+ 36. Kg3 Rxa2 37. Rxh7 Ra3+
38. Kg2 $17) 31. Bxf8 (31. Rf1+ Bf5 32. Bxf8 32... Kxf8 $17) 31... Bf5 (31...
Kxf8 32. Rf1+ Ke7 33. Rf2 $17) 32. Nd6+ Kxf8 33. Nxf5 gxf5 34. Rd5 Rxa2 35.
Rxe5 Kg7 36. Rxf5 Kg6 37. Rc5 a5 38. h4 a4 39. Rc6+ Kg7 (39... Kf5 $17 $142)
40. h5 a3 41. h6+ Kg8 42. Rc8+ (42. Ra6 $11 $142) 42... Kf7 $19 43. Rc7+ 43...
Kg8 $4 (43... Kg6 $19 $142) 44. Rg7+ Kh8 45. Ra7 Kg8 46. Kh1 Ra1+ 47. Kh2 a2
48. Kg2 Re1 49. Rxa2 Re5 50. Ra8+ Kf7 51. Ra7+ Kg6 52. Rg7+ Kh5 1/2-1/2

[Event "Bad Woerishofen op"]
[Site "Bad Woerishofen"]
[Date "2001.??.??"]
[Round "7"]
[White "Valent, Peter"]
[Black "Schwab, Rolf"]
[Result "1-0"]
[WhiteElo "2074"]
[BlackElo "1800"]
[Annotator "ChessOrg"]
[PlyCount "121"]
[EventDate "1998.03.05"]
[Source "ChessBase"]
[SourceDate "1998.04.29"]

1. e4 {B76: Sizilianisch (Moderne Drachen-Variante)} 1... c5 2. Nf3 d6 3. d4
cxd4 4. Nxd4 Nf6 5. Nc3 g6 6. Be3 Bg7 7. f3 O-O 8. Qd2 d5 9. e5 Ne8 10. f4
10... Nc7 {letzter Buchzug} 11. Be2 f6 12. Nf3 Nc6 13. Rd1 (13. exf6 exf6 14.
O-O 14... Re8 $11) 13... fxe5 14. fxe5 Nxe5 15. Nxe5 Bxe5 16. Bh6 e6 (16... Rf7
$15 $142) 17. Bxf8 $14 17... Qh4+ $2 (17... Qxf8 18. Qg5 Bf6 19. Qg3 $16) 18.
Kf1 (18. g3 $142 18... Bxg3+ 19. hxg3 Qxh1+ 20. Bf1 $18) 18... Kxf8 19. Qe3
19... Bf6 $4 (19... Qf6+ $142 20. Qf3 20... Bd7 $14) 20. Qc5+ $18 20... Kg8 21.
Qxc7 Qh6 22. Rd3 g5 23. Rh3 Qg7 24. Qxg7+ Kxg7 25. Bg4 (25. Ke1 e5 26. Rg3
26... Be6 $18) 25... Bd7 (25... e5 26. Rg3 Bxg4 27. Rxg4 $18) 26. Ke2 Bc6 27.
Kd3 (27. Bxe6 $6 27... Re8 28. Kd2 28... Rxe6 $16) 27... e5 28. Re1 b5 29. b3 (
29. Bf5 29... h6 $18) 29... b4 30. Ne2 e4+ (30... Rf8 31. Be6 $18) 31. Ke3 Be5
32. g3 Rf8 33. Nd4 Rf6 34. c3 (34. a3 34... a5 $18) 34... Be8 (34... bxc3 35.
Rc1 $18) 35. cxb4 Bg6 (35... h5 36. Bxh5 Bd7 37. g4 $18) 36. Rc1 h6 (36... Rb6
37. a3 $18) 37. Rc5 Bf7 38. b5 Rf1 (38... Bd6 39. Rc6 Kf8 40. Nf5 $18) 39. Nf5+
Rxf5 40. Bxf5 h5 41. g4 h4 42. Bxe4 (42. a4 $142 42... Kf6 $18) 42... Bf4+ 43.
Kd4 dxe4 44. Kxe4 Bg6+ 45. Kd4 Bb1 (45... Bf7 46. b4 $18) 46. a4 Bg6 47. a5 Bf7
(47... Be8 48. Re3 Bxh2 49. Rxe8 Bg1+ 50. Re3 $18) 48. b6 a6 (48... axb6 49.
axb6 Bb8 50. Rf3 $18) 49. Rf3 (49. Re5 Be6 50. Rxe6 Bb8 51. Re7+ Kf8 52. Rb7
Bd6 53. Rc3 Kg8 54. Rc8+ Bf8 55. Rbc7 h3 56. b7 Kh8 57. Rxf8#) 49... Bxh2 50.
Rxg5+ (50. Rc7 $142 50... Bxc7 51. Rxf7+ Kxf7 52. bxc7 52... h3 $18) 50... Kh6
(50... Bg6 51. Re5 $1 51... Bg1+ 52. Kd5 Bf7+ 53. Kd6 $18) 51. Rgf5 (51. Re5
$142 51... Bg1+ 52. Rfe3 52... h3 $18) 51... Bg6 52. Rf8 Kg5 (52... Bh7 53. Rh3
Bg1+ 54. Ke5 $18) 53. b7 Kxg4 (53... Bh7 54. R3f7 Bg6 55. Rg8 $18) 54. R3f4+ $1
54... Bxf4 55. Rxf4+ $1 55... Kxf4 56. b8=Q+ Kg4 57. Qb7 h3 58. Qxa6 Bf7 59.
Qb7 h2 60. a6 Bxb3 61. a7 (61. a7 Bd5 62. Qxd5 h1=Q 63. Qxh1 Kf5 64. a8=Q Kf6
65. Qf8+ Kg5 66. Qg2+ Kh5 67. Qh8#) 1-0

[Event "Bad Woerishofen op"]
[Site "Bad Woerishofen"]
[Date "2001.??.??"]
[Round "9"]
[White "Valent, Peter"]
[Black "Fleck, Ronald"]
[Result "1-0"]
[WhiteElo "2074"]
[BlackElo "1784"]
[Annotator "ChessOrg"]
[PlyCount "63"]
[EventDate "1998.03.05"]
[Source "ChessBase"]
[SourceDate "1998.04.29"]

1. e4 {C01: Franzoesische Verteidigung (Abtauschvariante)} 1... e6 2. d4 d5 3.
exd5 exd5 4. Nf3 Nf6 5. c4 Bb4+ 6. Nc3 O-O 7. Qb3 {letzter Buchzug} 7... Qe7+
8. Be3 Ng4 9. O-O-O Nxe3 10. Re1 dxc4 11. Bxc4 Bxc3 12. bxc3 Nc6 13. Rxe3 (13.
fxe3 $143 13... Na5 14. Qa4 Nxc4 15. Qxc4 15... Bf5 $15) 13... Qf6 14. Qb5 a6
15. Qh5 Bf5 16. Nh4 (16. Rhe1 16... Rad8 $14) 16... Bg6 (16... Nxd4 $5 $142 17.
Rd1 Bg6 18. Nxg6 18... hxg6 $15) 17. Nxg6 $14 17... hxg6 18. Qe2 Na5 19. Bd3 c5
20. Re5 (20. dxc5 $143 20... Qxc3+ 21. Kb1 21... Qxc5 $17) 20... cxd4 (20... b5
21. d5 $11) 21. Rxa5 $14 21... dxc3 (21... Rac8 22. Ra3 $14) 22. Ra3 Rac8 23.
Kc2 Rfe8 24. Qf3 24... Qb6 $2 (24... Qd4 $14 $142) 25. Rb1 $18 (25. Rxc3 $6
25... Rxc3+ 26. Kxc3 Rc8+ 27. Kd2 Qb4+ 28. Ke2 Re8+ 29. Kd1 29... Rd8 $11)
25... Qe6 26. Rxb7 Rb8 (26... Red8 $18) 27. Rxa6 (27. Bxa6 $6 27... Rxb7 28.
Bxb7 28... Qe1 $18) 27... Qe5 (27... Rxb7 28. Rxe6 28... Reb8 $18) 28. Qxf7+
Kh8 29. Rxg6 (29. Ra4 Qe2+ 30. Bxe2 Rxe2+ 31. Kxc3 Rc8+ 32. Kb3 Rc3+ 33. Kxc3
Re3+ 34. fxe3 g5 35. Qxg7#) 29... Rxb7 30. Qxb7 Rb8 (30... Qe7 31. Qxe7 31...
Rxe7 $18) 31. Rh6+ $1 31... Kg8 32. Bc4+ (32. Bc4+ Qe6 33. Bxe6+ Kf8 34. Qf7#)
1-0

[Event "Bad Woerishofen op"]
[Site "?"]
[Date "2001.??.??"]
[Round "1"]
[White "Varga, Zoltan"]
[Black "Minnaar, Michelle"]
[Result "1-0"]
[WhiteElo "2519"]
[BlackElo "2029"]
[Annotator "ChessOrg"]
[PlyCount "85"]
[EventDate "2000.??.??"]

1. c4 {A21: Englische Eroeffnung} 1... e5 2. Nc3 f5 3. e4 {letzter Buchzug}
3... d6 4. d4 exd4 5. Qxd4 Nf6 6. exf5 Bxf5 7. Nd5 Nc6 8. Nxf6+ (8. Qe3+ Be7 9.
Nxf6+ 9... gxf6 $11) 8... Qxf6 9. Qxf6 gxf6 10. Bd2 O-O-O 11. Bc3 (11. Nf3
11... Rg8 $15) 11... Be7 (11... d5 12. cxd5 12... Nb4 $19 (12... Rxd5 $6 13.
Bc4 Rd6 14. Nf3 $15)) 12. O-O-O Rhf8 (12... Bf8 13. Bd3 (13. Bxf6 $143 13...
Bh6+ 14. Rd2 14... Rde8 $17 (14... Bxd2+ $143 15. Kxd2 Rhe8 16. Bxd8 Kxd8 17.
Nf3 $14)) 13... Bxd3 14. Rxd3 $11) 13. Nf3 Bg4 14. Rd5 (14. h3 Bxf3 15. gxf3
15... Rg8 $11) 14... Ne5 15. Nd2 (15. Bxe5 $143 15... fxe5 16. Rd3 16... e4 $17
) 15... Be6 16. Ra5 a6 17. f4 Nc6 18. Rh5 Bg8 19. g3 d5 20. Bh3+ Kb8 21. cxd5
Rxd5 22. Rxd5 Bxd5 23. Re1 Bb4 24. Kc2 (24. Ne4 24... Ka7 $14) 24... b6 (24...
Bxa2 25. b3 a5 26. Ra1 Bxc3 27. Kxc3 $11) 25. Bd7 Bxc3 26. Kxc3 Kb7 27. a3 h6
28. Nf1 Rf7 29. Be8 Rg7 30. Rd1 (30. Nd2 30... Ne7 $14) 30... Be6 31. Ne3 Re7
32. Bxc6+ Kxc6 33. Rd8 h5 34. Rf8 Rf7 35. Rh8 Bg4 36. Rh6 Bf3 37. h3 Kd7 38.
Nf5 c5 39. Nh4 Be2 40. Nf5 (40. b4 cxb4+ 41. axb4 41... Bf1 $11) 40... b5 (
40... Ke6 $5 $142 41. Kd2 41... Bf3 $11 (41... Kxf5 $143 42. Kxe2 Ke4 43. Rxh5
$16)) 41. Kd2 $14 41... Bf3 42. Nh4 Bb7 43. Rxh5 (43. Rxh5 c4 44. Nf5 $16) 1-0

[Event "Bad Woerishofen op"]
[Site "Bad Woerishofen"]
[Date "2001.??.??"]
[Round "3"]
[White "Varga, Zoltan"]
[Black "Schneider, Heiko"]
[Result "1/2-1/2"]
[WhiteElo "2515"]
[BlackElo "2275"]
[Annotator "ChessOrg"]
[PlyCount "48"]
[EventDate "1998.03.05"]
[Source "ChessBase"]
[SourceDate "1998.04.29"]

1. d4 {D70: Gruenfeld-Verteidigung (Abweichung im 3. Zug)} 1... Nf6 2. c4 g6 3.
f3 d5 4. cxd5 Nxd5 5. e4 Nb6 6. Nc3 Bg7 7. Be3 O-O 8. Qd2 Nc6 9. O-O-O f5 10.
h4 fxe4 11. h5 11... e5 {letzter Buchzug} 12. d5 Nd4 13. hxg6 (13. Bxd4 $143
13... exd4 14. Nxe4 Qxd5 15. hxg6 15... hxg6 $17) 13... hxg6 14. Bh6 (14. Bxd4
$143 14... exd4 15. Nxe4 15... Qxd5 $17 (15... Nxd5 $6 16. Bc4 $11)) (14. fxe4
$6 14... Bg4 15. Be2 Nxe2+ 16. Ngxe2 16... Qe7 $14) 14... Qe7 (14... exf3 15.
Bxg7 Kxg7 16. Qh6+ Kf7 17. Qh7+ Kf6 18. Bd3 $18) 15. Bxg7 Qxg7 16. fxe4 Bg4 17.
Be2 (17. Re1 17... Rf4 $14) 17... Rf2 $11 18. Qe3 Rxg2 19. Bxg4 Rc2+ 20. Kb1
Rxb2+ 21. Kc1 Rc2+ 22. Kb1 Rb2+ 23. Kc1 Rc2+ 24. Kb1 Rb2+ 1/2-1/2

[Event "Bad Woerishofen op"]
[Site "Bad Woerishofen"]
[Date "2001.??.??"]
[Round "5"]
[White "Varga, Zoltan"]
[Black "Horvath, Peter"]
[Result "1/2-1/2"]
[WhiteElo "2519"]
[BlackElo "2396"]
[Annotator "ChessOrg"]
[PlyCount "57"]
[EventDate "1998.03.05"]
[Source "ChessBase"]
[SourceDate "1998.04.29"]

1. c4 {D93: Gruenfeld-Verteidigung (5.Lf4)} 1... Nf6 2. d4 g6 3. Nc3 d5 4. Bf4
Bg7 5. e3 c5 6. dxc5 Qa5 7. Rc1 dxc4 8. Bxc4 O-O 9. Nf3 Qxc5 10. Bb3 Qa5 11.
O-O Na6 12. Qe2 {letzter Buchzug} 12... Nc5 13. Bc4 Be6 14. Rfd1 Rfc8 15. Bxe6
Nxe6 16. Be5 Rc6 17. Qb5 Qxb5 18. Nxb5 Rc5 19. Rxc5 Nxc5 20. Bd4 Nfe4 21. Bxg7
Kxg7 22. b4 Ne6 23. Nfd4 Nxd4 24. Rxd4 a6 25. Rxe4 axb5 26. Rxe7 Rxa2 27. g4
Rb2 28. Rxb7 (28. Re4 $5 $14) 28... Rxb4 $15 29. h3 1/2-1/2